00637nam a2200145 a 4500008004100000050001900041100001700060245010900077260003800186350000900224650002300233995009500256999001700351952012300368100322s2008 ||||||||||||||||| || u aTHESIS/STUDENT aKalo, Samuel13aAn evaluation of metallurgical performance of the backfill plant and the ...cSupervised by Mr. A Shane aKitwebCoperbelt Universityc2008 a0.00 aMINING, METALLURGY D0.00FCBU-MAIN LIBRARY (Kitwe)H1I0.00M1UAVAILABLEWMar 22, 2010ZUniversity Collection c42672d42672 00102lcc4070a001b001cUniversity Collectiond2022-11-30l0oTHESIS/STUDENTp03006077r2022-11-30w2022-11-30y002